000 00316nam a2200097Ia 4500
008 220120s9999||||xx |||||||||||||| ||und||
100 _aAbdhul, Momin
_912052
245 0 _aComputer networking with internet protocol
260 _aCoorg Institute of Technology
_bPonnampet
_c2005
650 _aELECTRONICS AND COMMUNICATIONS
999 _c137636
_d137636